Equalibrium Thermodynamics (Record no. 30401)
[ view plain ]
| 000 -LEADER | |
|---|---|
| fixed length control field | 01046 a2200205 4500 |
| 020 ## - INTERNATIONAL STANDARD BOOK NUMBER | |
| International Standard Book Number | 0-521-25445-0 |
| 082 ## - DEWEY DECIMAL CLASSIFICATION NUMBER | |
| Classification number | 536.7 |
| 090 ## - LOCALLY ASSIGNED LC-TYPE CALL NUMBER (OCLC); LOCAL CALL NUMBER (RLIN) | |
| -- | 1795 |
| -- | 1795 |
| 100 ## - MAIN ENTRY--PERSONAL NAME | |
| Personal name | Adkins, C. J. |
| 245 ## - TITLE STATEMENT | |
| Title | Equalibrium Thermodynamics |
| Statement of responsibility, etc. | C. J. Adkins |
| 250 ## - EDITION STATEMENT | |
| Edition statement | Third Edition |
| 260 ## - PUBLICATION, DISTRIBUTION, ETC. | |
| Place of publication, distribution, etc. | New York |
| Name of publisher, distributor, etc. | Cambridge University Press |
| Date of publication, distribution, etc. | 1983 |
| 300 ## - PHYSICAL DESCRIPTION | |
| Extent | xiii, 285 |
| 942 ## - ADDED ENTRY ELEMENTS (KOHA) | |
| Institution code [OBSOLETE] | SNS |
| Koha item type | Book |
| Call number prefix | 536.7 ADK |
| Withdrawn status | Lost status | Damaged status | Not for loan | Permanent Location | Current Location | Date acquired | Total Checkouts | Full call number | Barcode | Date last seen | Date last checked out | Price effective from | Koha item type | Source of classification or shelving scheme | Shelving location |
|---|---|---|---|---|---|---|---|---|---|---|---|---|---|---|---|
| School of Natural Sciences (SNS) | School of Natural Sciences (SNS) | 05/26/2016 | 1 | 536.7 ADK | SNS0002222 | 09/07/2022 | 01/22/2020 | 05/26/2016 | Book | ||||||
| School of Natural Sciences (SNS) | School of Natural Sciences (SNS) | 05/26/2016 | 3 | 536.7 ADK | SNS0002223 | 03/08/2021 | 01/21/2020 | 05/26/2016 | Book | ||||||
| School of Natural Sciences (SNS) | School of Natural Sciences (SNS) | 05/26/2016 | 3 | 536.7 ADK | SNS0002224 | 10/19/2020 | 01/24/2020 | 05/26/2016 | Book | ||||||
| School of Natural Sciences (SNS) | School of Natural Sciences (SNS) | 05/26/2016 | 1 | 536.7 ADK | SNS0002225 | 05/15/2019 | 01/08/2019 | 05/26/2016 | Book | ||||||
| School of Natural Sciences (SNS) | School of Natural Sciences (SNS) | 05/26/2016 | 3 | 536.7 ADK | SNS0002226 | 06/30/2022 | 01/28/2020 | 05/26/2016 | Book | ||||||
| School of Natural Sciences (SNS) | School of Natural Sciences (SNS) | 01/21/2019 | 3 | 536.7 ADK 1983 | SNS0002228 | 04/18/2022 | 01/24/2020 | 01/21/2019 | Book | General Stacks |
